000 00343nam a2200133 i 4500
001 bg
100 1 _aMOZGA-BOROWSKA, Z.
245 0 _aPomiary małych pomieszczeń oraz detekcja szczelin... /
_cZ. Mozga-Borowska.
260 _aWarszawa,
_c1986.
040 _cBPK
041 _apol
942 _cKS
008 s pl f |000 0 pol
999 _c23138
_d23138
856 _uhttp://koha.tu.koszalin.pl/cgi-bin/koha/opac-detail.pl?biblionumber=23138
_yKatalog online BPK